000
00251nam a22000977a 4500
082
_a
920/DES
100
_a
Deshpande,Vikram
_9
83530
245
_a
Veer Savarkar A great Nationalist & Freedom Fighter
260
_a
New Delhi
_b
Hawk Prees
_c
2022
942
_c
BK
999
_c
68474
_d
68474